000 00297nam a22001337a 4500
008 181031b xxu||||| |||| 00| 0 eng d
020 _a0070587019
041 _aeng
080 _a621
100 _a27
101 _aENG
245 _aChemical Engineering Series
_c Smith.J.M
942 _2udc
_cBK
999 _c51266
_d51266